| 000 | 00966nac a22002897a 4500 | ||
|---|---|---|---|
| 001 | BR9101744 | ||
| 003 | BR-BrBNA | ||
| 005 | 20240105121156.0 | ||
| 008 | 230509b bl.|||m| |||| 00| 0 por d | ||
| 040 |
_aBR-BrBNA _bpor _cBiblioteca Nacional de Agricultura |
||
| 072 | _aE21 | ||
| 090 | _aE21 BR9101744 | ||
| 100 | 1 | _aQueiroz, J.W. de | |
| 100 | 1 | _aFranca, M.C. | |
| 100 | 1 | _aLeite, P.S. | |
| 110 | 1 | _aBanco do Nordeste do Brasil S.A., Fortaleza, CE (Brasil) | |
| 245 | 1 | _aEstudos sobre a agroindustria no nordeste; v. 5 - caracterizacao e hierarquia de polos agroindustriais | |
| 260 | 3 |
_aFortaleza, CE (Brasil): _c1990. |
|
| 300 | _a137 p. | ||
| 490 |
_aEstudos Economicos e Sociais - Banco do Nordeste do Brasil S.A. (Brazil) _vno. 49 _x |
||
| 500 | _a16 graphs | ||
| 650 | _aINDUSTRIA AGRICOLA | ||
| 650 | _aDESENVOLVIMENTO INDUSTRIAL | ||
| 650 | _aREGIAO NORDESTE | ||
| 909 |
_a202312 _bLúcia Elande _c55 _dLúcia Elande |
||
| 942 |
_2AGRIS _n0 _cMS |
||
| 999 |
_c283746 _d283746 |
||